Artists / Singers by their Songs Featured on - Statistics

General Stats
  • This quiz has been taken 48 times
  • The average score is 7 of 10
Answer Stats
Hint Answer % Correct
Love the Way You Lie - Eminem / Can't Remember to Forget You - Shakira / Run This Town - Jay-Z / Live Your Life - T.I. Rihanna
100%
Nothin' on You - B.o.B / Billionaire - Travie McCoy / Uptown Funk - Mark Ronson / Lighters - Bad Meets Evil Bruno Mars
95%
Titanium - David Guetta / Wild Ones - Flo Rida / Dusk Till Dawn - Zayn / She Wolf (Falling to Pieces) - David Guetta Sia
83%
Moves like Jagger - Maroon 5 / Feel This Moment - Pitbull / Say Something - A Great Big World / Tilt Ya Head Back - Nelly Christina Aguilera
79%
Drop It Like It's Hot - Snoop Dogg / Blurred Lines - Robin Thicke / Get Lucky - Daft Punk / Feels - Calvin Harris Pharrell Williams
79%
Forgot About Dre - Dr. Dre / Smack That - Akon / My Life - 50 Cent / Last One Standing - Skylar Grey Eminem
69%
Everything Has Changed - Taylor Swift / River - Eminem / Bam Bam - Camila Cabello / Lay It All on Me - Rudimental Ed Sheeran
64%
4 Minutes - Madonna / Dead and Gone - T.I. / Ayo Technology - 50 Cent / Give It to Me - Timbaland Justin Timberlake
64%
Where Them Girls At - David Guetta / Beauty and a Beat - Justin Bieber / Side to Side - Ariana Grande / Swalla - Jason Derulo Nicki Minaj
62%
Starstrukk - 3OH!3 / If We Ever Meet Again - Timbaland / Feels - Calvin Harris / 365 - Zedd Katy Perry
45%
No matching quizzes found
Score Distribution
Percent of People with Each Score
Percentile by Number Answered
Your Score History
You have not taken this quiz